000 01006cam a22002174a 4500
005 20250605164048.0
008 250528s ||||||||||||||||||||||||d
035 _a17192
020 _a761943897
040 _aGR-AtMCL
_bgre
_dGR-AtMCL
_eAACR2
245 1 _aManaging and Organizations / An Introduction to Theory and Practise
260 _bSage Publications,
_c2007
300 _a562
520 _aIntroduction, Making Sense of Management, Managing Rationalities, Managing Realities, Managing Organizations, Managing Organization Design, Managing Power and Politics in Organizations, Managing Organizational Behavior, Managing Leadership, Managing Cultures, Managing Communication, Managing Change, Managing Knowledge and Learning, Managing Innovation and Change, Managing Strategy, Managing Globalization, Glossary, Bibliography, Index.
700 1 _aClegg Stewart
_93348
700 1 _aKornberger Martin
_93349
700 1 _aPitsis Tyrone
_93350
942 _cBK
999 _c2626
_d2626